| 000 | 00887cam a22003013a 4500 | ||
|---|---|---|---|
| 001 | 22121 | ||
| 003 | PGUSA | ||
| 005 | 20140828083454.0 | ||
| 008 | 070723s2007||||xxu|||||s|||||000 1 eng d | ||
| 040 |
_aPGUSA _beng |
||
| 042 | _adc | ||
| 050 | 4 | _aPR | |
| 100 | 1 |
_aCraik, Dinah Maria Mulock, _d1826-1887 |
|
| 245 | 1 | 0 |
_aOlive : _bA Novel _h[electronic resource] / _cDinah Maria Mulock Craik |
| 260 |
_bProject Gutenberg, _c2007 |
||
| 506 | _aPublic domain in the USA. | ||
| 516 | _aElectronic text | ||
| 653 | _aBildungsromans | ||
| 653 | _aReligious fiction | ||
| 653 | _aEngland -- Fiction | ||
| 653 | _aDomestic fiction | ||
| 653 | _aYoung women with disabilities -- Fiction | ||
| 653 | _aYoung women -- Fiction | ||
| 700 | 1 |
_aBowers, G. _q(Georgina), _d1836-1912 |
|
| 830 | 0 |
_aProject Gutenberg _v22121 |
|
| 856 | 4 | 0 | _uhttp://www.gutenberg.org/ebooks/22121 |
| 942 | _cEB | ||
| 999 |
_c251376 _d251376 |
||